Analýza štruktúry počtu vzniknutých podnikov na Slovensku podľa klasifikácie ekonomických činností

Gespeichert in:
Bibliographische Detailangaben
1. Verfasser: Hurbánková, Ľubica, 1980-
Format: Buchkapitel
Sprache:Slowakisch
Tags: Tag hinzufügen
Keine Tags, Fügen Sie das erste Tag hinzu!

MARC

LEADER 00000naa$a2200000$$$4500
001 0209209
005 20240502073456.6
041 0 |a slo 
044 |a SK 
245 1 0 |a Analýza štruktúry počtu vzniknutých podnikov na Slovensku podľa klasifikácie ekonomických činností  |c Ľubica Hurbánková 
500 |a Abstrakt 
100 1 |a Hurbánková, Ľubica, 1980-